Normal view MARC view

Entry Topical Term

Number of records used in: 1

001 - CONTROL NUMBER

  • control field: 258658

003 - CONTROL NUMBER IDENTIFIER

  • control field: OSt

005 - DATE AND TIME OF LATEST TRANSACTION

  • control field: 20260312154855.0

008 - FIXED-LENGTH DATA ELEMENTS

  • fixed length control field: 260312|| aca||aabn | a|a d

040 ## - CATALOGING SOURCE

  • Original cataloging agency: OSt
  • Transcribing agency: OSt

150 ## - HEADING--TOPICAL TERM

  • Topical term or geographic name entry element: dhAra

670 ## - SOURCE DATA FOUND

  • Source citation: Work cat.: (OSt)148664: VARMA (Dhirendra) वर्मा (धीरेन्द्र) 258656, Vichara dhara, 1955